Cats: Matching - Statistics

General Stats
  • This quiz has been taken 42 times
  • The average score is 35 of 54
Answer Stats
Question Tile Select % Correct
British Shorthair No
98%
British Shorthair No
95%
Scottish Fold No
93%
Scottish Fold No
93%
Persian No
93%
British Shorthair No
90%
Scottish Fold No
90%
Scottish Fold No
90%
British Shorthair No
88%
Scottish Fold No
85%
Scottish Fold No
85%
Ragdoll No
83%
Scottish Fold No
80%
Persian No
80%
Ragdoll No
78%
Ragdoll No
78%
Bengal No
76%
Ragdoll No
76%
British Shorthair No
73%
Persian No
73%
Khao Manee No
73%
Khao Manee No
71%
Bengal No
71%
Persian No
68%
Persian No
68%
Bengal No
68%
Ragdoll No
68%
Ragdoll No
68%
Scottish Fold Yes
66%
Persian No
66%
Khao Manee No
66%
Bengal No
66%
British Shorthair No
63%
Persian No
63%
Khao Manee No
63%
Bengal No
63%
Khao Manee No
59%
Bengal No
59%
Khao Manee No
56%
Ragdoll No
56%
Khao Manee No
54%
Ragdoll Yes
54%
British Shorthair Yes
51%
Bengal Yes
51%
Persian No
46%
Bengal No
41%
British Shorthair No
39%
Persian Yes
34%
Khao Manee Yes
34%
Khao Manee Yes
32%
Scottish Fold Yes
29%
Ragdoll Yes
29%
British Shorthair Yes
22%
Bengal Yes
17%
No matching quizzes found
Score Distribution
Percent of People with Each Score
Percentile by Number Answered
Your Score History
You have not taken this quiz